| 000 | 00403nam a2200181Ia 4500 | ||
|---|---|---|---|
| 001 | 3487 | ||
| 005 | 20260306145647.0 | ||
| 008 | 260306t1994||||xx |||||||||||||| ||spa|| | ||
| 041 | _aESP | ||
| 082 |
_a280 _bH46 |
||
| 100 |
_aHerr, Theodor _eAUT |
||
| 245 | 0 | _aReconciliación en lugar de conflicto | |
| 260 | _c1994 | ||
| 300 |
_a _c |
||
| 650 | _aGEN | ||
| 654 | _aCHU | ||
| 942 |
_cLIB _dJUS _fJUS _2ddc _n |
||
| 999 |
_c3487 _d3487 |
||